Hazardous waste guidance (Record no. 71175)
[ view plain ]
| 000 -LEADER | |
|---|---|
| fixed length control field | 01158cam a2200217 4500 |
| 001 - CONTROL NUMBER | |
| control field | WB3834-25 |
| 008 - FIXED-LENGTH DATA ELEMENTS--GENERAL INFORMATION | |
| fixed length control field | 020918n2002 000 0 eng u |
| 035 ## - SYSTEM CONTROL NUMBER | |
| System control number | (Sirsi) u119743 |
| 245 ## - TITLE STATEMENT | |
| Title | Hazardous waste guidance |
| 260 ## - PUBLICATION, DISTRIBUTION, ETC. | |
| Date of publication, distribution, etc. | 2002 |
| 490 ## - SERIES STATEMENT | |
| Series statement | Environment Agency Press Release |
| Volume/sequential designation | 17 September 2002, (2) |
| 520 ## - SUMMARY, ETC. | |
| Summary, etc. | The Environment Agency has published techical guidance for consultation on how to classify wastes as hazardous or non-hazardous. The guidance follows revisions to the European Waste Catalogue (94/3/EC) and the Hazardous Waste List (94/904/EC). Consultation deadline is 12 December 2002. "Hazardous wastes: a technical guidance note on their definition and classification" available at www.environment-agency.gov.uk/yourenv/consultations/348683/?version=1&lang=_e www.environment-agency.gov.uk/news/353258?lang=_e®ion=&projectstatus=&theme=&subject=&searchfor=&topic=&area=&month= |
| 590 ## - LOCAL NOTE (RLIN) | |
| Local note | WB |
| 650 ## - SUBJECT ADDED ENTRY--TOPICAL TERM | |
| Topical term or geographic name entry element | ENVIRONMENT AGENCY |
| 650 ## - SUBJECT ADDED ENTRY--TOPICAL TERM | |
| Topical term or geographic name entry element | CLASSIFICATION |
| 650 ## - SUBJECT ADDED ENTRY--TOPICAL TERM | |
| Topical term or geographic name entry element | GUIDANCE |
| 650 ## - SUBJECT ADDED ENTRY--TOPICAL TERM | |
| Topical term or geographic name entry element | EC DIRECTIVES |
| 650 ## - SUBJECT ADDED ENTRY--TOPICAL TERM | |
| Topical term or geographic name entry element | HAZARDOUS WASTE |
| 690 ## - LOCAL SUBJECT ADDED ENTRY--TOPICAL TERM (OCLC, RLIN) | |
| Topical term or geographic name as entry element | ENVIRONMENTAL AND LAND CONSULTANCY-WASTE MANAGEMENT |
| 942 ## - ADDED ENTRY ELEMENTS (KOHA) | |
| Suppress in OPAC | 0 |
| Withdrawn status | Lost status | Source of classification or shelving scheme | Damaged status | Not for loan | Home library | Current library | Shelving location | Date acquired | Total Checkouts | Full call number | Barcode | Date last seen | Copy number | Price effective from | Koha item type |
|---|---|---|---|---|---|---|---|---|---|---|---|---|---|---|---|
| Dewey Decimal Classification | London | London | News article | 18/09/2002 | WB3834-25 | 119743-1001 | 06/08/2019 | 1 | 06/08/2019 | News article |